| 000 | 00372nam a22001337a 4500 | ||
|---|---|---|---|
| 040 | _cNUST | ||
| 082 |
_a355.95491 _bCLO |
||
| 100 |
_aBrian Cloughley _9125169 |
||
| 245 |
_aA History of the Pakistan Army _bWars and Insurrections |
||
| 250 | _aSecond Edition | ||
| 260 |
_aPakistan: _bArmy Education, _c2002. |
||
| 650 | _2A History of the Pakistan Army | ||
| 942 |
_2ddc _cBK |
||
| 999 |
_c610953 _d610953 |
||